Meeting the Challenge of Climate Change /

This film examines the connection between poor community design and burgeoning health costs based upon key public health indices: obesity, diabetes, heart disease, asthma, cancer and depression, a concept first researched by Dr. Richard Jackson, a pediatrician turned public health officer.

Bibliographic Details
Corporate Author: Media Policy Center (Firm)
Format: Video
Language:English
Published: [Place of publication not identified] : Media Policy Center, [2021]
Subjects:
Online Access:Connect to this streaming video (Alexander Street Press)

MARC

Tag First Indicator Second Indicator Subfields
LEADER 00000cgm a2200000Mc 4500
001 in00005595708
006 m o c
007 vz czazuu
007 cr cna||||||||
008 220120p20212021nyu027 o vleng d
005 20241201234816.9
035 |a (OCoLC)on1292729603 
040 |a NYINF  |b eng  |e rda  |c NYINF  |d OCLCO  |d CNNOR  |d OCLCF  |d OCLCO  |d OCLCQ 
028 4 0 |a 276330  |b Infobase 
035 |a (OCoLC)1292729603 
041 1 |a eng  |h eng 
046 |k 2021 
050 4 |a Internet Access  |b AEC 
082 0 4 |a 616.98  |q OCoLC  |2 23/eng/20240417 
049 |a TXAM 
245 0 0 |a Meeting the Challenge of Climate Change /  |c Media Policy Center. 
264 1 |a [Place of publication not identified] :  |b Media Policy Center,  |c [2021] 
264 3 2 |a New York, N.Y. :  |b Distributed by Infobase,  |c 2021. 
264 4 |c ©2021 
300 |a 1 online resource (1 video file (27 min., 29 sec)) :  |b sound. 
336 |a two-dimensional moving image  |b tdi  |2 rdacontent 
337 |a computer  |b c  |2 rdamedia 
338 |a online resource  |b cr  |2 rdacarrier 
347 |a video file  |2 rda 
500 |a Originally released by Media Policy Center, 2021. 
500 |a Streaming video file encoded with permission for digital streaming by Infobase on December 23, 2021. 
520 |a This film examines the connection between poor community design and burgeoning health costs based upon key public health indices: obesity, diabetes, heart disease, asthma, cancer and depression, a concept first researched by Dr. Richard Jackson, a pediatrician turned public health officer. 
521 2 |a Academic/AP 
588 |a Title from distributor's description 
650 0 |a Environmental health. 
650 0 |a Health. 
650 0 |a Public health. 
650 2 |a Health 
650 2 |a Public Health 
650 6 |a Santé. 
650 6 |a Santé publique. 
650 7 |a Environmental health  |2 fast  |0 (OCoLC)fst00912999 
650 7 |a Health  |2 fast  |0 (OCoLC)fst00952743 
650 7 |a Public health  |2 fast  |0 (OCoLC)fst01082238 
655 2 |a Webcast 
655 7 |a Internet videos  |2 fast  |0 (OCoLC)fst01750214 
655 7 |a Internet videos.  |2 lcgft 
655 7 |a Vidéos sur Internet.  |2 rvmgf 
710 2 |a Infobase,  |e film distributor. 
710 2 |a Media Policy Center (Firm) 
856 4 0 |u http://proxy.library.tamu.edu/login?url=https://www.aspresolver.com/aspresolver.asp?MARC;5147245  |z Connect to this streaming video (Alexander Street Press)  |t 0 
955 |a Alexander Street Press subscription streaming video 
994 |a 92  |b TXA 
999 f f |s 44895ce5-5630-4ade-af5f-665297460bdc  |i eeb103a7-c347-4ed6-a0b2-638c55ee38ad  |t 0 
952 f f |a Texas A&M University  |b College Station  |c Electronic Resources  |d Available Online  |t 0  |e Internet Access AEC  |h Library of Congress classification 
998 f f |a Internet Access AEC  |t 0  |l Available Online